| 000 | 00627nam a22001937a 4500 | ||
|---|---|---|---|
| 003 | OSt | ||
| 005 | 20251105012322.0 | ||
| 008 | 251105b |||||||| |||| 00| 0 eng d | ||
| 020 | _a0-07-248262-1. | ||
| 040 |
_aDWCL-Main lib _cOC |
||
| 082 |
_23rd ed. _aCirc. 520 F566a 2004 |
||
| 100 | _aFix, John D. | ||
| 245 |
_aAstronomy : _bJourney to the cosmic frontier _cF _hFix, John D. |
||
| 260 |
_aN. Y. : _bMcGraw-Hill, _cc2004. |
||
| 300 |
_axxv, (various paging) : _bcolored illustration ; _c28 cm. |
||
| 504 | _aIncludes bibliographical references and index. | ||
| 650 | _21. Astronomy. | ||
| 942 |
_2ddc _cBK-CIRC _e3rd ed. _kCirc. _n0 |
||
| 999 |
_c5454 _d5454 |
||